header

Knowledge representation, reasoning, and declarative problem solving (Record no. 48190)

MARC details
000 -LEADER
fixed length control field 01269nam a22003134a 4500
082 04 - DEWEY DECIMAL CLASSIFICATION NUMBER
Classification number 006.3/3
100 1# - MAIN ENTRY--AUTHOR NAME
Personal name Baral, Chitta.
245 10 - TITLE STATEMENT
Title Knowledge representation, reasoning, and declarative problem solving
260 ## - PUBLICATION, DISTRIBUTION, ETC. (IMPRINT)
Place of publication Cambridge ;
-- New York :
Name of publisher Cambridge University Press,
Year of publication 2003.
300 ## - PHYSICAL DESCRIPTION
Number of Pages xiv, 530 p. :
Other physical details ill.
650 #0 - SUBJECT ADDED ENTRY--TOPICAL TERM
Topical Term Expert systems (Computer science)
Topical Term Artificial intelligence.
Topical Term Knowledge representation (Information theory)
856 40 - ELECTRONIC LOCATION AND ACCESS
Uniform Resource Identifier http://site.ebrary.com/lib/rucke/Doc?id=10064622

No items available.

© 2026 Rongo University
Contact us: librarian | system librarian | Rongo university